000 00601cam a22001697a 4500
008 180718b2003 xxu||||| |||| 00| 0 eng d
020 _a0324116896
082 _aT300x73 P686
100 _aPitts, Robert A.
245 _aStrategic management: building and sustaining competitive advantage
_cby Robert A. Pitts and David Lei
260 _aOhio
_bSouth Western
_c2003
300 _a555p.
650 _aCompetition --United States --Case studies
650 _aIndustrial management --United States --Case studies
650 _aStrategic planning --United States --Case studies
700 _aLei, David
999 _c401639
_d401639